[Event "22nd Alekhine FIDE 2018"]
[Site "Voronezh"]
[Date "2018.06.15"]
[Round "4"]
[White "Koshevarov, Alexander"]
[Black "Novikov, Sergey D"]
[Result "0-1"]
[WhiteElo "2030"]
[BlackElo "2180"]
[Annotator "TA"]
[PlyCount "81"]
[EventDate "2018.??.??"]
[EventType "swiss"]
[EventCountry "RUS"]
[SourceTitle "playchess.com"]
[Source "ChessBase"]
[SourceQuality "1"]

{[%evp 19,81,0,0,-15,-10,-8,-11,-18,-19,-34,-19,-19,-8,-11,-12,-42,-49,-47,-47,-43,-22,-98,-93,-101,-101,-99,-97,-97,-97,-85,-78,-96,-45,-80,-70,-88,-59,-104,-34,-33,-36,-42,-23,-62,-51,-72,-71,-68,-73,-81,0,-83,-60,-79,-79,-79,-78,-98,-79,-234,-233,-564,-550,-461]} 1. e4 c5 2. Nf3 d6 3. Bb5+ Bd7 4. Bxd7+ Qxd7 5. d4 cxd4 6. Nxd4 Nf6 7. Nc3 g6 8. O-O Bg7 9. h3 O-O 10. Be3 Nc6 11. Nxc6 {B70: Sicilian Dragon: 6 g3 and 6 Be2 (without a later Be3)} Qxc6 12. Nd5 Rfe8 13. f3 $146 {The position is equal.} ({Predecessor:} 13. Qd3 Nd7 14. Bg5 Nc5 15. Qc4 b5 16. Qe2 f6 17. Bd2 e6 18. Nb4 Qxe4 19. Qxb5 {1-0 (41) Tamas,G (2174)-Remete,Z (2128) Hungary 2006}) 13... Nxd5 14. exd5 Qb5 15. Rb1 e6 16. dxe6 Rxe6 17. Bd4 Qc4 $36 {[%mdl 2048] Black is pushing.} 18. Bxg7 Kxg7 19. Qd3 Qc5+ 20. Rf2 (20. Kh1 $11) 20... Rae8 $17 {aiming for ...Re1+.} 21. Qc3+ Qxc3 22. bxc3 {[%mdl 4096] Endgame KRR-KRR} Re1+ 23. Rf1 Rxb1 24. Rxb1 {KR-KR} b6 25. Kf2 Kf6 (25... Rc8 $17 26. Rb3 Rc4) 26. Rb4 Rc8 27. Rb3 Ke5 28. Ke3 Kd5 (28... d5 $17) 29. Kd3 $15 Re8 30. Rb1 Kc5 31. c4 Kc6 32. c3 Re5 33. a4 Ra5 34. Rb4 Re5 35. Rb1 f5 36. g3 {[#]} f4 $1 {[%mdl 512]} 37. gxf4 Rh5 38. Ke4 Rxh3 39. a5 $2 (39. Rb5 $17) 39... bxa5 $19 40. Rb5 $2 {[#]} (40. f5 {is more resistant.}) 40... Rh5 $1 {[%cal Rh5b5]} 41. Rb2 {Precision: White = 39%, Black = 45%.} 0-1

[Event "22nd Alekhine FIDE 2018"]
[Site "Voronezh"]
[Date "2018.06.15"]
[Round "4"]
[White "Bruyatskaya, Mariya"]
[Black "Markevich, Arseniy"]
[Result "1-0"]
[WhiteElo "2026"]
[BlackElo "2076"]
[Annotator "NA RC"]
[PlyCount "105"]
[EventDate "2018.??.??"]
[EventType "swiss"]
[EventCountry "RUS"]
[SourceTitle "playchess.com"]
[Source "ChessBase"]
[SourceQuality "1"]
[TimeControl "5400+30"]

{[%evp 8,105,20,15,24,30,28,45,61,0,58,55,118,131,116,92,96,102,100,112,89,83,112,73,137,139,178,81,85,85,83,79,92,74,64,59,137,56,62,49,42,47,40,45,46,33,31,35,49,35,32767,32767,32767,32767,32767,32767,32767,32767,32767,32767,32767,32767,32767,32767,32767,32767,32767,32767,32767,32767,257,32767,32767,32767,32767,735,32767,1031,798,1112,750,1108,2091,29970,5081,29976,29976,29980,12851,29984,29983,29986,29987,29987,29987,29988,29989,29989,29989,29989]} 1. e4 {[%emt 0:00:00]} c5 {[%emt 0:02:25]} 2. Nf3 {[%emt 0:00:43]} Nf6 {[%emt 0:00:04]} 3. e5 {[%emt 0:00:38]} Nd5 {[%emt 0:00:04]} 4. Nc3 {[%emt 0:00:04]} e6 {[%emt 0:00:11]} 5. Nxd5 {[%emt 0:00:14]} exd5 {[%emt 0:00:07]} 6. d4 {[%emt 0:00:58]} Nc6 {[%emt 0:00:05]} 7. dxc5 {[%emt 0:02:43]} Bxc5 {[%emt 0:00:05]} 8. Bd3 {[%emt 0:00:34] LiveBook: 50 Games B29: Sicilian: 2 Nf3 Nf6 (Nimzowitsch Variation)} Qe7 {[%emt 0:11:38]} (8... d6 9. exd6 Qxd6 10. O-O O-O 11. Re1 h6 12. h3 Bd7 13. Be3 d4 14. Bd2 Rfe8 15. a3 Qd5 16. b4 Bd6 17. c4 dxc3 18. Rxe8+ Rxe8 19. Bxc3 {½-½ (29) So,W (2792)-Mamedyarov,S (2804) Wijk aan Zee 2018}) 9. O-O {[%emt 0:00:29]} h6 $146 {[%emt 0:01:14]} ({Predecessor:} 9... Nxe5 10. Nxe5 {1-0 (10) Tomescu,V (2425)-Burani,E (2050) Cesenatico 2003}) 10. c3 {[%emt 0:05:32]} d6 {[%emt 0:08:54]} 11. exd6 {[%emt 0:01:00]} Bxd6 {[%emt 0:04:48]} 12. Re1 {[%emt 0:01:34]} Be6 {[%emt 0:00:12]} 13. Bc2 {[%emt 0:00:38]} O-O-O {[%emt 0:07:56]} 14. Be3 {[%emt 0:05:17]} Bb8 {[%emt 0:13:09]} 15. Nd4 {[%emt 0:07:22]} Nxd4 {[%emt 0:01:53]} ({Günstiger ist} 15... h5) 16. Qxd4 {[%emt 0:00:43]} ({Don't take} 16. cxd4 $6 Qf6 $14) 16... Qd6 {[%emt 0:00:52]} 17. Qc5+ {[%emt 0:00:53]} (17. g3 $142) 17... Qxc5 {[%emt 0:00:33]} 18. Bxc5 {[%emt 0:00:05]} Rhe8 {[%emt 0:03:38]} 19. Bd4 {[%emt 0:00:55]} g6 {[%emt 0:06:30]} 20. Bg7 {[%emt 0:01:00]} Bd7 {[%emt 0:03:07]} 21. Bb3 Rxe1+ {[%emt 0:07:49]} 22. Rxe1 {[%emt 0:03:30]} Be6 {[%emt 0:00:07]} 23. h4 {[%emt 0:00:32]} h5 {[%emt 0:00:23]} 24. Bf6 {[%emt 0:00:21]} Rd6 {[%emt 0:00:27]} 25. Be5 {[%emt 0:03:14]} Rc6 {[%emt 0:00:24]} 26. Bxb8 {[%emt 0:00:40]} Kxb8 {[%emt 0:00:03]} 27. Rd1 {[%emt 0:00:10]} Rd6 {[%emt 0:02:09]} 28. Kh2 {[%emt 0:00:52]} Kc7 {[%emt 0:00:16]} 29. Kg3 {[%emt 0:00:13]} Kc6 {[%emt 0:01:54]} 30. Rd4 {[%emt 0:01:09]} a5 {[%emt 0:03:42]} 31. f3 {[%emt 0:01:24]} Kc5 {[%emt 0:04:46]} 32. Kf4 {[%emt 0:00:49]} f6 {[%emt 0:00:22]} 33. g4 {[%emt 0:00:50]} Rd8 {[%emt 0:00:15]} 34. Bc2 {[%emt 0:02:12]} hxg4 {[%emt 0:03:31]} 35. fxg4 {[%emt 0:00:07]} Bf7 {[%emt 0:00:22]} 36. Rd2 {[%emt 0:01:40]} b5 {[%emt 0:05:02]} 37. b3 {[%emt 0:01:35]} d4 {[%emt 0:01:04]} 38. cxd4+ {[%emt 0:00:29]} Rxd4+ {[%emt 0:03:07]} (38... Kd6 $142 39. Bd3 Rh8) 39. Rxd4 {[%emt 0:00:06]} Kxd4 {[%emt 0:00:07]} 40. g5 {[%emt 0:00:03]} Kc3 {[%emt 0:00:24] [#]} 41. Bxg6 $1 {[%emt 0:02:13]} Bxg6 {[%emt 0:02:12]} 42. gxf6 {[%emt 0:00:04]} a4 {[%emt 0:04:49]} 43. Kg5 {[%emt 0:00:16]} (43. bxa4 $142 bxa4 44. Kg5) 43... Bf7 {[%emt 0:00:39]} 44. h5 {[%emt 0:00:20]} axb3 {[%emt 0:00:39]} 45. axb3 {[%emt 0:00:05]} Bxb3 {[%emt 0:00:17]} 46. h6 {[%emt 0:00:05]} Bg8 {[%emt 0:00:11] [#]} 47. f7 $1 {[%emt 0:00:09]} Bxf7 {[%emt 0:00:06]} 48. h7 {[%emt 0:00:05]} b4 {[%emt 0:01:01]} 49. h8=Q+ {[%emt 0:00:08]} Kb3 {[%emt 0:00:10]} 50. Qd4 {[%emt 0:00:47]} Bg8 {[%emt 0:00:54]} 51. Kf4 {[%emt 0:00:24]} Ka3 {[%emt 0:00:22]} 52. Qa7+ {[%emt 0:00:23]} Kb3 {[%emt 0:00:11]} 53. Ke3 {[%emt 0:00:08]} 1-0

[Event "22nd Alekhine FIDE 2018"]
[Site "Voronezh"]
[Date "2018.06.15"]
[Round "4"]
[White "Lepaev, Andrey"]
[Black "Lilov, Aleksandr"]
[Result "1/2-1/2"]
[WhiteElo "1992"]
[BlackElo "2046"]
[Annotator "NA"]
[PlyCount "59"]
[EventDate "2018.??.??"]
[EventType "swiss"]
[EventCountry "RUS"]
[SourceTitle "playchess.com"]
[Source "ChessBase"]
[SourceQuality "1"]
[TimeControl "5400+30"]

{[%evp 8,33,69,46,21,55,43,33,43,54,30,29,79,31,26,20,24,12,13,12,18,-43,-37,-43,0,0,9,30]} 1. d4 {[%emt 0:00:00]} c5 {[%emt 0:00:07]} 2. d5 {[%emt 0:00:00]} g6 {[%emt 0:00:03]} 3. e4 {[%emt 0:00:07]} Bg7 {[%emt 0:00:05]} 4. Nc3 {[%emt 0:02:19]} d6 {[%emt 0:01:45]} 5. Bb5+ {[%emt 0:02:58]} Bd7 {[%emt 0:01:18] A43: Schmid Benoni} (5... Nd7 6. a4 Ngf6 7. Nf3 O-O 8. O-O Ne8 9. Re1 Nc7 10. Bf1 a6 11. Bf4 Rb8 12. e5 dxe5 13. Nxe5 Nxe5 14. Bxe5 Bxe5 15. Rxe5 b5 16. axb5 axb5 17. Qe1 b4 18. Na4 {0-1 (40) Alonso Rosell,A (2540)-Bachmann,A (2610) Barcelona 2016}) 6. a4 {[%emt 0:00:05]} Na6 {[%emt 0:00:52]} 7. Nf3 {[%emt 0:01:31]} Nc7 {[%emt 0:00:15]} 8. Bxd7+ {[%emt 0:27:53]} Qxd7 {[%emt 0:00:16] LiveBook: 5 Games} 9. h3 $146 {[%emt 0:00:11]} ({Predecessor:} 9. O-O f5 10. exf5 gxf5 11. Nb5 Nxb5 12. axb5 Nf6 13. Ng5 {1-0 (26) Figura,A (2353)-Meister,J (2504) Dresden 2006}) 9... a6 {[%emt 0:10:50]} 10. Qe2 {[%emt 0:03:14]} Nf6 {[%emt 0:00:22]} 11. a5 {[%emt 0:06:29]} O-O {[%emt 0:00:51]} 12. O-O {[%emt 0:01:35]} Rae8 {[%emt 0:04:35]} 13. Rd1 {[%emt 0:02:43]} Nb5 {[%emt 0:03:53]} 14. Qc4 {[%emt 0:21:56]} (14. Na4 $11) 14... Nxc3 {[%emt 0:16:02]} 15. bxc3 {[%emt 0:00:05]} Qb5 {[%emt 0:00:14]} 16. Qd3 {[%emt 0:00:38]} c4 {[%emt 0:03:00]} 17. Qe2 $11 {[%emt 0:00:27]} Nd7 {[%emt 0:03:09]} 18. Nd4 {[%emt 0:00:23]} Qc5 {[%emt 0:00:04]} 19. Ra4 {[%emt 0:00:25]} Rc8 {[%emt 0:00:46]} 20. Ba3 {[%emt 0:02:07]} Qc7 {[%emt 0:01:55]} 21. Rb1 {[%emt 0:00:04]} Nc5 {[%emt 0:02:44]} 22. Bxc5 {[%emt 0:00:39]} dxc5 {[%emt 0:00:03]} 23. Rxc4 {[%emt 0:05:46]} Qxa5 {[%emt 0:00:31]} 24. Nb3 {[%emt 0:00:03]} Qb5 {[%emt 0:00:40]} 25. Qf1 {[%emt 0:00:12]} b6 {[%emt 0:00:36]} 26. Nd2 {[%emt 0:02:01]} Qa5 {[%emt 0:01:28]} 27. Ra1 {[%emt 0:00:08]} Qb5 {[%emt 0:00:04]} 28. Rb1 {[%emt 0:00:04]} Qa5 {[%emt 0:00:03]} 29. Ra1 {[%emt 0:00:04]} Qb5 {[%emt 0:00:04]} 30. Rb1 {[%emt 0:00:04]} 1/2-1/2

[Event "22nd Alekhine FIDE 2018"]
[Site "Voronezh"]
[Date "2018.06.15"]
[Round "4"]
[White "Zaitseva, Lyudmila"]
[Black "Garafutdinov, Ainur"]
[Result "1/2-1/2"]
[WhiteElo "1954"]
[BlackElo "2122"]
[Annotator "TA"]
[PlyCount "103"]
[EventDate "2018.??.??"]
[EventType "swiss"]
[EventCountry "RUS"]
[SourceTitle "playchess.com"]
[Source "ChessBase"]
[SourceQuality "1"]

{[%evp 11,103,18,43,33,34,35,31,14,16,-22,-22,-56,31,-39,-35,-35,-27,-45,2,9,41,41,86,28,72,40,76,51,47,45,45,35,101,37,91,64,196,167,278,231,217,156,160,81,55,27,94,97,80,76,94,66,47,49,50,73,203,98,104,40,88,89,212,204,266,76,180,0,14,22,10,7,24,0,0,0,54,0,0,0,0,0,22,12,25,33,108,0,10,8,131,0,0,-1087]} 1. d4 f5 2. g3 d6 3. Bg2 g6 4. Nh3 Nf6 5. Nf4 Bg7 6. h4 {A81: Dutch Defence: 2 g3} (6. d5 c6 7. c4 e5 8. dxe6 Qe7 9. Nc3 O-O 10. O-O Bxe6 11. Nxe6 Qxe6 12. Bf4 Qxc4 13. Qxd6 Na6 14. Rad1 Rfe8 15. Rfe1 Qb4 16. Qd2 Nc5 17. Qc2 Nce4 18. Nxe4 Nxe4 19. a3 Qxb2 20. Qc4+ Kh8 21. Rd7 Nf6 {1-0 (31) Socko,B (2617)-Berelowitsch,A (2521) Germany 2016}) 6... Nc6 {[%cal Bb8c6,Bc6e5,Be5f3][%mdl 32] LiveBook: 5 Games} 7. d5 Ne5 8. c4 {White is slightly better.} c6 9. Nd2 Qb6 10. Qb3 $146 ({Predecessor:} 10. O-O O-O 11. b3 Nfg4 12. Rb1 a5 13. Bb2 Bd7 14. Nf3 Nxf3+ 15. exf3 {½-½ (69) Zaika,D (2101)-Bartel,M (2313) Suwalki 2017}) 10... Bd7 11. Nf3 Nfg4 (11... Nxf3+ $15 12. exf3 Qxb3 13. axb3 cxd5) 12. e3 (12. O-O $14) 12... Nxf3+ $15 13. Bxf3 Ne5 14. Bg2 O-O 15. Bd2 Kh8 16. Bc3 Qa6 17. Rc1 (17. c5 $16) 17... Rab8 18. O-O (18. c5 $5) 18... b5 19. cxb5 (19. c5 $5) 19... Rxb5 20. Qc2 {Threatens to win with dxc6.} c5 $1 21. b3 Rb7 (21... Rbb8 $14) 22. Rfd1 (22. h5 $1 $16) 22... Bf6 (22... Ng4 $14) 23. Bf1 Bb5 ({Black should play} 23... Qa3 $14) 24. Ne6 Rc8 (24... Rg8 {was necessary.} 25. Bxb5 Qxb5) 25. Bxb5 Qxb5 26. Bxe5 Bxe5 {[#]} 27. f4 (27. h5 $142 $1 {[%mdl 512]}) 27... Bf6 $16 28. h5 gxh5 (28... Qe8 $1 $11 {keeps the balance.}) 29. Kf2 Qe8 30. Qxf5 {Rh1 is the strong threat.} Qg6 31. Qh3 $36 {[%mdl 2048] Black is under pressure.} Rg8 32. Rh1 {Black must now prevent f5.} h4 $1 33. gxh4 Qe4 (33... Qh5 $16) 34. Qf3 (34. Ng5 $1 $18 {[%cal Rg5e4] has better winning chances.} Qxd5 35. Rcd1) 34... Qd3 35. Qd1 (35. Ng5 $16) 35... Qe4 {Hoping for ...Qg2+.} 36. Ng5 Bxg5 (36... Qg6 $16) 37. hxg5 $18 e5 38. Qf3 $2 (38. dxe6 $1 $18 {and the rest is easy.} Qxe6 39. Qd3) 38... Qf5 {[#]} (38... Qb4 $16) 39. fxe5 $2 (39. e4 $1 $18 {[%cal Re4f5]} Qxf4 40. Qxf4 exf4 41. Rcg1) 39... Qxe5 {And now ...Qb2+ would win.} 40. Qf6+ Qxf6+ 41. gxf6 $11 {[%mdl 4096] Endgame next Rh6 is good for White. KRR-KRR} Rg6 42. Rc4 (42. Ke2 {with more complications.} Rxf6 43. Kd3 Rb4 44. Rc4 Kg7 45. Rxb4 cxb4 46. Kc4) 42... Rxf6+ 43. Ke2 Rbf7 (43... Rf5 $11) 44. Rch4 (44. Re4 $14) 44... Rf2+ 45. Kd3 Rxa2 46. Rh6 Rd7 47. Rg1 Ra6 48. Re6 {[%cal Re6e8]} h5 ({Black should try} 48... Rd8 $14) 49. Rh6+ (49. e4 $16) 49... Rh7 50. Rhg6 {[%csl Gg1][%cal Rg6g8]} Rb7 {[#]} (50... Re7 $1 $11) 51. Rh6+ (51. Ke4 $1 $16) 51... Rh7 52. Ke4 $2 {[%mdl 40960] Precision: White = 30%, Black = 21%. . An unexpected result.} (52. Rxh7+ $11 Kxh7 53. e4) 1/2-1/2

[Event "22nd Alekhine FIDE 2018"]
[Site "Voronezh"]
[Date "2018.06.15"]
[Round "4"]
[White "Efendiev, Enver"]
[Black "Sobina, Pavel"]
[Result "0-1"]
[WhiteElo "1948"]
[BlackElo "2199"]
[Annotator "TA"]
[PlyCount "84"]
[EventDate "2018.??.??"]
[EventType "swiss"]
[EventCountry "RUS"]
[SourceTitle "playchess.com"]
[Source "ChessBase"]
[SourceQuality "1"]

{[%evp 28,84,0,-19,56,-21,-46,-50,-30,-148,0,-18,0,0,0,-19,0,-5,32,-37,-36,-45,-48,-90,-53,-95,-84,-112,-139,-111,-107,-115,-101,-122,-119,-126,-127,-202,-137,-132,-74,-54,-13,-44,-43,-54,0,0,0,-110,-105,-298,-289,-467,-465,-441,-444,-29983,-29984]} 1. e4 c5 2. Nf3 d6 3. d4 cxd4 4. Nxd4 Nf6 5. Nc3 a6 6. Bg5 e6 7. f4 h6 8. Bh4 Qb6 9. Qd2 Qxb2 10. Rb1 Qa3 11. e5 dxe5 {B97: Sicilian Najdorf: Poisoned Pawn} 12. fxe5 g5 13. exf6 gxh4 14. Be2 Qa5 15. O-O {LiveBook: 50 Games} Qg5 (15... h3 $1 $11) (15... Nd7 16. Kh1 Qg5 17. Qe1 Nxf6 18. Nf3 Qg7 19. Ne5 {½-½ (35) Radjabov,T (2748)-Wojtaszek,R (2744) Shamkir 2018}) 16. Qxg5 $146 ({Better is} 16. Qd3 $14) ({Predecessor:} 16. Rf4 Nd7 17. Ne4 Qd5 18. c4 Qe5 19. Rd1 {1-0 (37) Liebert,E (2476)-Craciunescu,V (2510) ICCF email 2009}) 16... hxg5 $11 17. Ne4 Nd7 18. Nxg5 (18. Rbd1 $11 {remains equal.}) 18... Ne5 (18... Bc5 $17 19. c3 e5) 19. a4 Bh6 20. Ndf3 Nxf3+ 21. Nxf3 Be3+ 22. Kh1 b6 23. Rb3 ({White should try} 23. Ne5 $14 Bb7 24. Rbd1) 23... Bc5 $15 24. Ne5 {Strongly threatening Bf3.} Bb7 25. Bf3 Bxf3 26. Rbxf3 Rh5 27. Nd3 Bd6 28. Nf2 Rc8 29. Ne4 Bf8 30. c3 Rc4 31. Rf4 {[#] With the idea Nd6+!} Kd7 $1 32. Rd1+ (32. h3 $17) 32... Rd5 33. Re1 Kc6 (33... h3 $142 34. gxh3 Kc6) 34. Rxh4 $17 Rxa4 35. g3 Re5 $36 {[%mdl 2048] Black has some pressure.} 36. Kg2 Bc5 (36... Bd6 $15) 37. Nxc5 $11 Ra2+ 38. Kf1 (38. Kh3 $1 $11 Rxe1 39. Nd3) 38... Rxc5 $17 39. c4 $2 (39. Kg1 $17) 39... Rf5+ $19 40. Rf4 $2 (40. Kg1) 40... Rxf4+ 41. gxf4 Rxh2 42. f5 {[#]} (42. Kg1 $19 Rh6 43. Kf2) 42... Rh1+ {Precision: White = 27%, Black = 40%.} 0-1

[Event "22nd Alekhine FIDE 2018"]
[Site "Voronezh"]
[Date "2018.06.15"]
[Round "4"]
[White "Nakonechny, Ignat"]
[Black "Katyshkina, Anastasia"]
[Result "1-0"]
[WhiteElo "1890"]
[BlackElo "2035"]
[Annotator "NA RC"]
[PlyCount "93"]
[EventDate "2018.??.??"]
[EventType "swiss"]
[EventCountry "RUS"]
[SourceTitle "playchess.com"]
[Source "ChessBase"]
[SourceQuality "1"]
[TimeControl "5400+30"]

{[%evp 8,77,35,23,40,33,26,19,20,0,6,6,25,-11,38,-16,0,2,52,16,76,61,73,58,67,67,75,27,32,19,18,-81,-79,-91,-76,-105,0,32767,32767,32767,32767,32767,32767,32767,32767,32767,32767,32767,32767,32767,32767,32767,32767,32767,32767,32767,32767,32767,32767,32767,32767,32767,32767,32767,0,0,0,0,162,141,152,60]} 1. c4 Nf6 2. Nc3 d5 3. cxd5 Nxd5 4. g3 g6 5. Bg2 Nxc3 6. bxc3 Bg7 7. Nf3 O-O 8. O-O c5 9. d4 Nc6 10. e3 Bf5 11. Bb2 {LiveBook: 3 Games D75: Fianchetto Grünfeld: Main Line with 7...c5} (11. Ba3 cxd4 12. Nxd4 Bd7 13. Rb1 Qc8 14. Qb3 Rb8 15. Rfd1 Re8 16. Nb5 a6 17. Bd5 axb5 18. Bxf7+ Kh8 19. Bxe8 Bxe8 20. Qxb5 {0-1 (34) Caruana,F (2795)-Vachier Lagrave,M (2788) chess.com INT 2016}) 11... Qc7 $146 ({Predecessor:} 11... Be4 12. Qe2 cxd4 13. cxd4 Qd5 14. Rfc1 b6 15. Ne1 Bxg2 16. Nxg2 e5 17. Qc4 Qxc4 18. Rxc4 {½-½ (27) Keymer,V (2349)-Vorobiov,E (2572) Schwaebisch Gmuend 2016}) 12. Nd2 Rad8 13. Qe2 Qc8 14. d5 Na5 15. e4 Bg4 16. f3 Bd7 17. Nb3 Qc7 18. Rf2 b5 19. Rd1 (19. Nxa5 $11 {remains equal.} Qxa5 20. Qe3) 19... Nc4 20. Ba1 a5 21. f4 {[#]} Bc8 (21... e6 $1 $17) 22. a4 bxa4 23. Qxc4 axb3 24. Qxb3 c4 25. Qa3 Bg4 26. Rb1 Rb8 27. Rfb2 Rfc8 28. h3 Rxb2 29. Rxb2 Bd1 30. Rb5 a4 31. Qb4 Qa7+ 32. Kh2 Bf8 33. Bb2 Qf2 34. Ba3 h5 35. h4 {[#]} Qc2 ({Much weaker is} 35... Bf3 $6 36. Qb2 $11) ({Better is} 35... e5 $1 $17 {[%mdl 512]} 36. Qb2 (36. fxe5 Bxb4) 36... Qxb2 37. Bxb2 a3) 36. Qb2 Qd3 $1 37. e5 Bb3 $2 (37... Bf3 $11 {and Black stays safe.}) 38. Rb7 Re8 39. Bb4 (39. Bc5 $16) 39... Bd1 40. Ra7 Qe3 41. Ra5 Rb8 42. Qa1 Qd2 43. Kh1 Qe1+ 44. Kh2 Qd2 45. d6 exd6 46. Rd5 Qf2 47. Qxd1 1-0

[Event "22nd Alekhine FIDE 2018"]
[Site "Voronezh"]
[Date "2018.06.16"]
[Round "5"]
[White "Sobina, Pavel"]
[Black "Kitaev, Roman"]
[Result "0-1"]
[WhiteElo "2199"]
[BlackElo "2031"]
[Annotator "NA"]
[PlyCount "62"]
[EventDate "2018.??.??"]
[EventType "swiss"]
[EventCountry "RUS"]
[SourceTitle "playchess.com"]
[Source "ChessBase"]
[SourceQuality "1"]
[TimeControl "5400+30"]

{[%evp 11,62,19,24,32767,32767,14,0,7,-1,-14,22,-43,8,-4,0,0,29,10,24,-69,-63,-64,32767,-148,32,32767,32767,32767,32767,32767,32767,32767,32767,32767,-93,-321,-294,-318,32767,-397,-422,-520,-522,-532,-545,32767,-757,32767,32767,-29994,-29995,32767,-937]} 1. e4 {[%emt 0:00:00]} c5 {[%emt 0:00:09]} 2. Nf3 {[%emt 0:00:00]} d6 {[%emt 0:00:04]} 3. d4 {[%emt 0:00:00]} Nf6 {[%emt 0:00:04]} 4. Nc3 {[%emt 0:00:44]} cxd4 {[%emt 0:00:05]} 5. Nxd4 {[%emt 0:00:05]} a6 {[%emt 0:00:05]} 6. Be2 {[%emt 0:04:26]} e6 {[%emt 0:00:14]} 7. Be3 {[%emt 0:04:18]} Nbd7 {[%emt 0:00:21]} 8. f4 {[%emt 0:02:13]} b5 {[%emt 0:00:21]} 9. Bf3 {[%emt 0:07:27]} Bb7 {[%emt 0:00:31]} 10. a3 {[%emt 0:06:13]} Qc7 {[%emt 0:00:54]} 11. O-O {[%emt 0:03:50]} (11. Qe2 $11) 11... Nc5 {[%emt 0:03:31] B84: Sicilian Scheveningen: 6 Be2 a6, lines without early Be3} (11... Be7 12. Qe1 h5 13. Kh1 Ng4 14. Bg1 g5 15. fxg5 Bxg5 16. a4 bxa4 17. e5 Ndxe5 18. Ndb5 axb5 19. Nxb5 Qd7 20. Bxb7 Rb8 21. Qb4 O-O 22. Ba6 Qc6 23. Qxa4 Nc4 24. h3 Nge5 {½-½ (24) Ponkratov,P (2589)-Artemiev,V (2461) Pavlodar 2012}) 12. e5 {[%emt 0:02:55]} dxe5 {[%emt 0:00:57]} 13. fxe5 {[%emt 0:00:38] LiveBook: 3 Games} Nfe4 $146 {[%emt 0:04:42]} ({Predecessor:} 13... Qxe5 14. Bf4 Bxf3 15. Rxf3 Qh5 16. Qf1 Ncd7 17. b4 g5 18. Bg3 Bg7 19. a4 {½-½ (86) Liang,A (2404)-Li,R (2394) Saint Louis 2015}) 14. Nxe4 {[%emt 0:05:57]} (14. Ndxb5 $5 axb5 15. Nxb5 $11) 14... Nxe4 {[%emt 0:00:36]} 15. Bxe4 {[%emt 0:13:38]} ({White should try} 15. Bf4 $11) 15... Bxe4 {[%emt 0:01:33]} 16. Qg4 {[%emt 0:00:08]} Qxe5 {[%emt 0:07:21]} 17. Rae1 {[%emt 0:02:04]} (17. Nf3 $15 Qd5 18. Rad1 Bxf3 19. Qxf3 Qxf3 20. Rxf3) 17... Bc5 $2 {[%emt 0:10:16]} (17... Bd6 $17 18. Qh3 O-O) 18. Nb3 {[%emt 0:20:45]} f5 {[%emt 0:10:44]} 19. Qh5+ {[%emt 0:00:27]} g6 {[%emt 0:00:22]} 20. Qh6 {[%emt 0:00:34]} Bxe3+ 21. Rxe3 {[%emt 0:00:27]} Rd8 {[%emt 0:05:23]} 22. Rc3 {[%emt 0:04:34] [#]} Bd5 $1 {[%emt 0:09:47]} 23. Re3 $2 {[%emt 0:00:48]} (23. Nd2 $17 {was called for.}) 23... Qxb2 {[%emt 0:03:07]} 24. Rfe1 {[%emt 0:04:17]} Kf7 {[%emt 0:08:17]} 25. Qh3 {[%emt 0:02:46]} Rc8 {[%emt 0:01:31]} 26. Nd2 {[%emt 0:02:45]} Rxc2 {[%emt 0:04:23]} 27. Nf3 {[%emt 0:00:01]} Kg7 {[%emt 0:03:29]} 28. g4 {[%emt 0:03:26]} fxg4 {[%emt 0:03:22]} 29. Qxg4 {[%emt 0:00:07]} Rf8 {[%emt 0:00:24]} 30. Qd4+ {[%emt 0:03:57]} Qxd4 {[%emt 0:00:21]} 31. Nxd4 {[%emt 0:00:07]} Rg2+ $19 {[%emt 0:00:13]} 0-1

[Event "22nd Alekhine FIDE 2018"]
[Site "Voronezh"]
[Date "2018.06.16"]
[Round "5"]
[White "Novikov, Sergey D"]
[Black "Lepaev, Andrey"]
[Result "1/2-1/2"]
[WhiteElo "2180"]
[BlackElo "1992"]
[Annotator "TA"]
[PlyCount "66"]
[EventDate "2018.??.??"]
[EventType "swiss"]
[EventCountry "RUS"]
[SourceTitle "playchess.com"]
[Source "ChessBase"]
[SourceQuality "1"]

{[%evp 21,66,20,24,0,2,-24,-13,-13,-30,-49,-14,-36,0,0,0,-7,0,0,6,0,0,0,6,0,9,0,0,-6,0,0,0,0,0,0,0,0,0,0,0,0,0,0,0,0,5,0,0]} 1. d4 d5 2. c4 e6 3. Nf3 Nf6 4. g3 Be7 5. Bg2 O-O 6. O-O dxc4 7. Ne5 c5 8. dxc5 Qc7 9. Nxc4 Qxc5 10. Qb3 {E05: Open Catalan: 5 Nf3 Be7} (10. b3 Rd8 11. Qc2 Nc6 12. Ba3 Nb4 13. Qb2 Nfd5 14. e4 Nb6 15. Nbd2 Nxc4 16. Nxc4 b5 17. Ne3 Bb7 18. Rfd1 a5 19. Qe2 Qb6 20. Bb2 Bc5 21. Qg4 Bd4 22. Rxd4 Rxd4 23. Bxd4 Qxd4 24. Rd1 Qb6 {½-½ (24) Bindrich,F (2598)-Michalik,P (2546) Germany 2018}) 10... Nc6 11. Be3 Qh5 {LiveBook: 10 Games} 12. Nbd2 {White has an edge.} Ng4 {[%csl Gg4][%cal Rh5h2] [#]} 13. Nf3 (13. h3 $5 {[%cal Rh3g4]} Nxe3 14. Qxe3 $11) 13... e5 {Threatens to win with ...e4.} 14. h3 $1 {[%cal Rh3g4]} Nxe3 15. Qxe3 Bxh3 $146 (15... f6 {looks sharper.} 16. Rfd1 Bxh3 17. Qb3 Be6 18. Qxb7 Bxc4 19. Qxc6 Rac8) ({Predecessor:} 15... f6 16. Kh2 Be6 17. b3 Nb4 {½-½ (44) Heemskerk,W (2175)-Koenig,D (2051) Leiden 2017}) 16. Ncxe5 {[#] And now Bxh3 would win.} (16. Nfxe5 {with more complications.} Bf6 17. Bxh3 Nxe5 18. Nxe5 Qxh3 19. Nd3) 16... Nxe5 (16... Bf6 {seems wilder.} 17. Bxh3 Qxh3 18. Nxc6 bxc6 19. Ng5 Qg4) 17. Qxe5 {The position is equal.} Qxe5 18. Nxe5 Bxg2 19. Kxg2 Rfd8 20. Nd3 Rac8 21. Rac1 g6 22. Rfd1 Bd6 23. Kf3 h5 24. e3 Kg7 25. Ke2 a6 26. Nc5 Bxc5 27. Rxd8 Rxd8 28. Rxc5 $11 {[%mdl 4096] Endgame KR-KR} Rd7 29. Rc2 Kf6 30. Rc3 Kg7 31. Rc2 Kf6 32. Rc3 Kg7 33. Rc2 Kf6 {Precision: White = 45%, Black = 63%.} 1/2-1/2